000 00316 a2200145 4500
001 155680
040 _cEscola São Tomás de Aquino
100 _aAZEVEDO, Aluísio
240 1 0 _aAluísio Azevedo
_lpor
245 1 0 _aAluísio Azevedo
300 _a107
362 0 _a1980
697 _aGENERALIDADES
942 _cBK
999 _c155680
_d155680